| 000 | 00658ntaaa2200217 4500 | ||
|---|---|---|---|
| 003 | 01 | ||
| 005 | 20251027203232.0 | ||
| 008 | 0714s1973 ag 01 | ||
| 040 |
_aAR-BaBN _bspa _cAR-BaBN _eaacr _dRIC |
||
| 082 | _a131.34 L64 | ||
| 100 | _aLindner, Robert | ||
| 245 |
_aRelatos psicoanaliticos de la vida real : _bLa hora de 50 minutos / _cRobert Linder, con prólogo de Santiago Dubcovsky |
||
| 250 | _a1ª ed. | ||
| 260 |
_aBuenos Aires : _bHorme, _c1964 |
||
| 300 | _a366 p. | ||
| 490 |
_aBiblioteca; psicología de hoy ; _v5 |
||
| 650 |
_aPSICOANALISIS _92743 |
||
| 650 | _aCASOS | ||
| 700 |
_aDubcovsky, Santiago _eprologuista _934718 |
||
| 942 | _cBK | ||
| 999 |
_c27812 _d27812 |
||